000 00269nam a2200109Ia 4500
005 20251222114356.0
008 251222s1900||||xx |||||||||||||| ||spa||
082 _aDVD0050/F52/1987
245 0 _aInnerspace:Viaje insólito
264 _bWarner Bros. Pictures
942 _cDVD
999 _c1451
_d1451